A study of Mahabharat; (Record no. 88930)

MARC details
000 -LEADER
fixed length control field 00680cam a2200241 4500
001 - CONTROL NUMBER
control field sa 68019505
003 - CONTROL NUMBER IDENTIFIER
control field DLC
005 - DATE AND TIME OF LATEST TRANSACTION
control field 20260227112718.0
008 - FIXED-LENGTH DATA ELEMENTS--GENERAL INFORMATION
fixed length control field 720210s1967 ii a 000 0 eng
010 ## - LIBRARY OF CONGRESS CONTROL NUMBER
LC control number sa 68019505
025 ## - OVERSEAS ACQUISITION NUMBER
Overseas acquisition number PL480:I-E-10992
040 ## - CATALOGING SOURCE
Original cataloging agency DLC
Transcribing agency DLC
Modifying agency DLC
050 00 - LIBRARY OF CONGRESS CALL NUMBER
Classification number PK3641
Item number .V34
082 00 - DEWEY DECIMAL CLASSIFICATION NUMBER
Classification number 294.5/923
100 1# - MAIN ENTRY--PERSONAL NAME
Personal name Vaidya, Raghunath Vinayak,
Dates associated with a name 1899-
245 12 - TITLE STATEMENT
Title A study of Mahabharat;
Remainder of title a research,
Statement of responsibility, etc. by R. V. Vaidya.
250 ## - EDITION STATEMENT
Edition statement [1st ed.]
260 ## - PUBLICATION, DISTRIBUTION, ETC.
Place of publication, distribution, etc. Poona,
Name of publisher, distributor, etc. A. V. G. Prakashan
Date of publication, distribution, etc. [1967]
300 ## - PHYSICAL DESCRIPTION
Extent 145 p.
Other physical details illus.
Dimensions 23 cm.
350 ## - PRICE (NR) (BK AM CF MU VM SE) [OBSOLETE]
Price 6.50
500 ## - GENERAL NOTE
General note Includes verses in Sanskrit from the original text.
630 00 - SUBJECT ADDED ENTRY--UNIFORM TITLE
Uniform title Mahābhārata.

No items available.

Powered by Koha